[Event "HUN-ch"]
[Site "Hungary"]
[Date "1975.??.??"]
[Round "?"]
[White "Adorjan, Andras"]
[Black "Lengyel, Levente"]
[Result "1/2-1/2"]
[WhiteElo "2515"]
[BlackElo "2410"]
[PlyCount "63"]
[EventDate "1975.??.??"]
[EventType "tourn"]
[EventRounds "17"]
[EventCountry "HUN"]
[EventCategory "7"]
[Source "ChessBase"]
[SourceDate "1999.07.01"]
[WhiteTeamCountry "BEL"]
[BlackTeamCountry "HUN"]

1. e4 e5 2. Nf3 Nc6 3. Bc4 Nf6 4. d4 exd4 5. e5 d5 6. Bb5 Ne4 7. Nxd4 Bd7 8.
Bxc6 bxc6 9. O-O Bc5 10. f3 Ng5 11. Be3 O-O 12. f4 Ne4 13. Nd2 Nxd2 14. Qxd2 f6
15. Nb3 Bb6 16. Bc5 fxe5 17. fxe5 Qh4 18. Qe3 Qe4 19. Rxf8+ Rxf8 20. Qxe4 dxe4
21. Re1 Be6 22. Bxb6 axb6 23. Nd4 Bd5 24. b3 b5 25. a4 bxa4 26. bxa4 Ra8 27.
Ra1 Kf7 28. a5 c5 29. Nb5 Bc6 30. c4 Bxb5 31. cxb5 Ke6 32. Rc1 1/2-1/2

[Event "HUN-ch"]
[Site "Hungary"]
[Date "1975.??.??"]
[Round "?"]
[White "Adorjan, Andras"]
[Black "Lukacs, Peter"]
[Result "1/2-1/2"]
[WhiteElo "2515"]
[BlackElo "2385"]
[PlyCount "24"]
[EventDate "1975.??.??"]
[EventType "tourn"]
[EventRounds "17"]
[EventCountry "HUN"]
[EventCategory "7"]
[Source "ChessBase"]
[SourceDate "1999.07.01"]
[WhiteTeamCountry "BEL"]
[BlackTeamCountry "HUN"]

1. e4 e5 2. Nf3 Nc6 3. Bb5 a6 4. Bxc6 dxc6 5. O-O Qd6 6. d4 exd4 7. Nxd4 Bd7 8.
Be3 O-O-O 9. Nd2 Qg6 10. Qe2 Nh6 11. f3 f5 12. e5 Re8 1/2-1/2

[Event "HUN-ch"]
[Site "Hungary"]
[Date "1975.??.??"]
[Round "?"]
[White "Adorjan, Andras"]
[Black "Perecz, Laszlo"]
[Result "1-0"]
[WhiteElo "2515"]
[BlackElo "2200"]
[PlyCount "85"]
[EventDate "1975.??.??"]
[EventType "tourn"]
[EventRounds "17"]
[EventCountry "HUN"]
[EventCategory "7"]
[Source "ChessBase"]
[SourceDate "1999.07.01"]
[WhiteTeamCountry "BEL"]
[BlackTeamCountry "HUN"]

1. e4 e5 2. Nf3 Nc6 3. Bb5 a6 4. Bxc6 dxc6 5. O-O Bg4 6. h3 h5 7. d3 Qf6 8.
Nbd2 Ne7 9. Re1 Ng6 10. d4 Bd6 11. hxg4 hxg4 12. Nh2 Rxh2 13. Qxg4 Rh4 14. Qf5
Ne7 15. Qxf6 gxf6 16. Nf3 Rh5 17. Be3 O-O-O 18. g3 Rdh8 19. dxe5 fxe5 20. Kg2
Kd7 21. Rh1 Rxh1 22. Rxh1 Rxh1 23. Kxh1 c5 24. Kg2 Nc6 25. c3 b5 26. Nd2 c4 27.
f4 exf4 28. gxf4 f6 29. Kg3 Ne7 30. Kg4 Ke6 31. Nf3 c5 32. f5+ Kd7 33. Bf4 Nc6
34. Bxd6 Kxd6 35. Kf4 b4 36. e5+ fxe5+ 37. Ke4 a5 38. Nd2 a4 39. Nxc4+ Ke7 40.
a3 bxa3 41. Nxa3 Kf6 42. Nc4 Ne7 43. Ne3 1-0

[Event "HUN-ch"]
[Site "Hungary"]
[Date "1975.??.??"]
[Round "?"]
[White "Adorjan, Andras"]
[Black "Portisch, Lajos"]
[Result "0-1"]
[WhiteElo "2515"]
[BlackElo "2635"]
[PlyCount "44"]
[EventDate "1975.??.??"]
[EventType "tourn"]
[EventRounds "17"]
[EventCountry "HUN"]
[EventCategory "7"]
[Source "ChessBase"]
[SourceDate "1999.07.01"]
[WhiteTeamCountry "BEL"]
[BlackTeamCountry "HUN"]

1. e4 c5 2. Nf3 d6 3. d4 cxd4 4. Nxd4 Nf6 5. Nc3 a6 6. Be2 e5 7. Nb3 Be7 8. O-O
Be6 9. f4 Qc7 10. a4 Nbd7 11. Kh1 O-O 12. Be3 exf4 13. Rxf4 Ne5 14. Nd4 Rad8
15. Nf5 Bxf5 16. Rxf5 Qc8 17. Qf1 Qe6 18. Rd1 Rc8 19. Bd4 Bd8 20. h3 Rc6 21.
Bxe5 dxe5 22. Rd5 Nxe4 0-1

[Event "HUN-ch"]
[Site "Hungary"]
[Date "1975.??.??"]
[Round "?"]
[White "Adorjan, Andras"]
[Black "Sax, Gyula"]
[Result "1/2-1/2"]
[WhiteElo "2515"]
[BlackElo "2510"]
[PlyCount "23"]
[EventDate "1975.??.??"]
[EventType "tourn"]
[EventRounds "17"]
[EventCountry "HUN"]
[EventCategory "7"]
[Source "ChessBase"]
[SourceDate "1999.07.01"]
[WhiteTeamCountry "BEL"]
[BlackTeamCountry "HUN"]

1. e4 c5 2. Nf3 Nc6 3. d4 cxd4 4. Nxd4 Nf6 5. Nc3 e5 6. Ndb5 d6 7. Bg5 a6 8.
Na3 Be6 9. Nc4 Rc8 10. Bxf6 gxf6 11. Ne3 Bh6 12. Ncd5 1/2-1/2

[Event "HUN-ch"]
[Site "Hungary"]
[Date "1975.??.??"]
[Round "?"]
[White "Adorjan, Andras"]
[Black "Tompa, Janos"]
[Result "1/2-1/2"]
[WhiteElo "2515"]
[BlackElo "2415"]
[PlyCount "35"]
[EventDate "1975.??.??"]
[EventType "tourn"]
[EventRounds "17"]
[EventCountry "HUN"]
[EventCategory "7"]
[Source "ChessBase"]
[SourceDate "1999.07.01"]
[WhiteTeamCountry "BEL"]
[BlackTeamCountry "HUN"]

1. e4 c5 2. Nf3 e6 3. d4 cxd4 4. Nxd4 Nf6 5. Nc3 d6 6. Be2 a6 7. O-O Nbd7 8. a4
Nc5 9. Bf3 Qc7 10. b3 Rb8 11. a5 Be7 12. Bb2 O-O 13. Qe2 g6 14. Qe3 e5 15. Nde2
Be6 16. Nc1 b5 17. axb6 Rxb6 18. Rd1 1/2-1/2

[Event "HUN-ch"]
[Site "Hungary"]
[Date "1975.??.??"]
[Round "?"]
[White "Adorjan, Andras"]
[Black "Vadasz, Laszlo"]
[Result "1/2-1/2"]
[WhiteElo "2515"]
[BlackElo "2460"]
[PlyCount "29"]
[EventDate "1975.??.??"]
[EventType "tourn"]
[EventRounds "17"]
[EventCountry "HUN"]
[EventCategory "7"]
[Source "ChessBase"]
[SourceDate "1999.07.01"]
[WhiteTeamCountry "BEL"]
[BlackTeamCountry "HUN"]

1. e4 g6 2. d4 Bg7 3. Nf3 d6 4. Nc3 Nf6 5. Be2 O-O 6. O-O Nc6 7. d5 Nb4 8. a3
Na6 9. Bg5 Nc5 10. Nd2 Bd7 11. f4 a5 12. e5 Ne8 13. Nf3 f6 14. e6 Bxe6 15. dxe6
1/2-1/2

[Event "HUN-ch"]
[Site "Hungary"]
[Date "1975.??.??"]
[Round "?"]
[White "Barczay, Laszlo"]
[Black "Adorjan, Andras"]
[Result "0-1"]
[WhiteElo "2445"]
[BlackElo "2515"]
[PlyCount "70"]
[EventDate "1975.??.??"]
[EventType "tourn"]
[EventRounds "17"]
[EventCountry "HUN"]
[EventCategory "7"]
[Source "ChessBase"]
[SourceDate "1999.07.01"]
[WhiteTeamCountry "BEL"]
[BlackTeamCountry "HUN"]

1. c4 g6 2. g3 Bg7 3. Bg2 c5 4. Nc3 Nc6 5. e3 e5 6. Nge2 Nge7 7. O-O O-O 8. d3
d6 9. Nd5 Be6 10. Nec3 Rb8 11. h3 a6 12. a4 b6 13. Bd2 Qd7 14. Kh2 f5 15. f4
Nb4 16. fxe5 Bxe5 17. d4 Bg7 18. Nxb4 cxb4 19. Nd5 a5 20. Qb3 Kh8 21. Nxe7 Qxe7
22. Qd3 Qd7 23. b3 d5 24. c5 bxc5 25. dxc5 Be5 26. Rac1 Qc7 27. Be1 Rbd8 28.
Rf4 g5 29. Rd4 f4 30. exf4 gxf4 31. gxf4 Rxf4 32. Bg3 Rg8 33. Rxd5 Bxd5 34.
Qxd5 Rxg3 35. Re1 Rf2 0-1

[Event "HUN-ch"]
[Site "Hungary"]
[Date "1975.??.??"]
[Round "?"]
[White "Bilek, Istvan"]
[Black "Adorjan, Andras"]
[Result "1/2-1/2"]
[WhiteElo "2495"]
[BlackElo "2515"]
[PlyCount "24"]
[EventDate "1975.??.??"]
[EventType "tourn"]
[EventRounds "17"]
[EventCountry "HUN"]
[EventCategory "7"]
[Source "ChessBase"]
[SourceDate "1999.07.01"]
[WhiteTeamCountry "BEL"]
[BlackTeamCountry "HUN"]

1. d4 c6 2. c4 d5 3. cxd5 cxd5 4. Nc3 Nc6 5. Bf4 Bf5 6. e3 e6 7. Nf3 Nf6 8. Bd3
Bxd3 9. Qxd3 Bd6 10. Bxd6 Qxd6 11. O-O O-O 12. Rac1 Rfc8 1/2-1/2

[Event "HUN-ch"]
[Site "Hungary"]
[Date "1975.??.??"]
[Round "?"]
[White "Cserna, Laszlo"]
[Black "Adorjan, Andras"]
[Result "0-1"]
[WhiteElo "2200"]
[BlackElo "2515"]
[PlyCount "162"]
[EventDate "1975.??.??"]
[EventType "tourn"]
[EventRounds "17"]
[EventCountry "HUN"]
[EventCategory "7"]
[Source "ChessBase"]
[SourceDate "1999.07.01"]
[WhiteTeamCountry "BEL"]
[BlackTeamCountry "HUN"]

1. Nf3 g6 2. c4 Bg7 3. d4 Nf6 4. g3 O-O 5. Bg2 d6 6. O-O Nc6 7. d5 Na5 8. Nbd2
b5 9. cxb5 Nxd5 10. Nb3 Nxb3 11. Qxb3 Bb7 12. Nd2 e6 13. Nc4 Rb8 14. Rd1 a6 15.
e4 Nf6 16. e5 Nd5 17. exd6 axb5 18. dxc7 Qxc7 19. Ne3 Nf6 20. Bd2 Bxg2 21. Nxg2
Ng4 22. h3 Ne5 23. Bf4 Qb7 24. Ne1 Ra8 25. Rac1 Qe4 26. Bxe5 Qxe5 27. Nd3 Qf5
28. Rc5 Qf3 29. Nf4 Qxb3 30. axb3 b4 31. Rb5 Rfb8 32. Rxb8+ Rxb8 33. Nd3 Bd4
34. Kf1 e5 35. f3 f5 36. Ke2 e4 37. fxe4 fxe4 38. Nf2 Bxf2 39. Kxf2 Rf8+ 40.
Kg2 Rf3 41. Rd4 Rxb3 42. Rxe4 Rxb2+ 43. Kf3 b3 44. Rb4 Rb1 45. Kg4 h6 46. Rb6
Kf7 47. Rb7+ Ke8 48. Rb8+ Kd7 49. h4 b2 50. Rb7+ Ke6 51. Rb8 Kd5 52. Rb7 Kd4
53. Rb8 Ke3 54. Rb3+ Kf2 55. Rb4 Ke3 56. Rb3+ Kd4 57. Rb8 h5+ 58. Kg5 Rg1 59.
Rxb2 Rxg3+ 60. Kf4 Rg4+ 61. Kf3 Ke5 62. Rb5+ Kf6 63. Rb6+ Kg7 64. Rb7+ Kh6 65.
Rb6 Rxh4 66. Kg3 Ra4 67. Rc6 h4+ 68. Kh3 Kh5 69. Rc5+ g5 70. Rb5 Ra3+ 71. Kg2
h3+ 72. Kh2 Kh4 73. Rb4+ g4 74. Rc4 Ra2+ 75. Kg1 Re2 76. Ra4 Kg3 77. Ra3+ Kf4
78. Ra8 g3 79. Rf8+ Ke3 80. Re8+ Kd3 81. Rd8+ Kc4 0-1

[Event "HUN-ch"]
[Site "Hungary"]
[Date "1975.??.??"]
[Round "?"]
[White "Csom, Istvan"]
[Black "Adorjan, Andras"]
[Result "0-1"]
[WhiteElo "2530"]
[BlackElo "2515"]
[PlyCount "146"]
[EventDate "1975.??.??"]
[EventType "tourn"]
[EventRounds "17"]
[EventCountry "HUN"]
[EventCategory "7"]
[Source "ChessBase"]
[SourceDate "1999.07.01"]
[WhiteTeamCountry "BEL"]
[BlackTeamCountry "HUN"]

1. d4 Nf6 2. c4 g6 3. g3 Bg7 4. Bg2 O-O 5. Nf3 d6 6. O-O Nc6 7. Nc3 a6 8. d5
Na5 9. Nd2 c5 10. Qc2 Rb8 11. b3 b5 12. Bb2 Bh6 13. Nd1 bxc4 14. Nxc4 Nxc4 15.
bxc4 Qa5 16. Bc3 Qa3 17. f4 Bg7 18. e4 Bd7 19. Rf3 Qa4 20. Qxa4 Bxa4 21. Nf2
Bc2 22. e5 Nd7 23. Rc1 Bf5 24. exd6 exd6 25. Bxg7 Kxg7 26. Ra3 Rb6 27. Rb3 h5
28. Be4 Rxb3 29. axb3 Rb8 30. Bxf5 gxf5 31. Rc3 Nf6 32. Nd1 a5 33. Nb2 h4 34.
gxh4 Ne4 35. Rd3 Kg6 36. Kg2 Kh5 37. h3 Kxh4 38. Na4 Nf6 39. Rf3 Re8 40. Nc3
Ne4 41. Nxe4 fxe4 42. Rg3 Rb8 43. Rg7 Kh5 44. Rxf7 Rxb3 45. Rh7+ Kg6 46. Re7 a4
47. Re6+ Kf5 48. Rxd6 a3 49. Ra6 Kxf4 50. Rf6+ Ke5 51. Re6+ Kd4 52. d6 Rd3 53.
d7 Kc3 54. Ra6 Kxc4 55. Rxa3 Rxd7 56. h4 Rd2+ 57. Kg1 Rd3 58. Ra8 Rd7 59. Kf2
Kd3 60. Ra3+ Kd4 61. Ra1 e3+ 62. Ke2 Rf7 63. Rd1+ Ke4 64. Rd8 Rf2+ 65. Ke1 Rh2
66. Re8+ Kd3 67. Rd8+ Kc3 68. Rh8 c4 69. h5 Kc2 70. h6 c3 71. Rh7 e2 72. Rh8
Kc1 73. Rb8 Rxh6 0-1

[Event "HUN-ch"]
[Site "Hungary"]
[Date "1975.??.??"]
[Round "?"]
[White "Gesos, Pavlos"]
[Black "Adorjan, Andras"]
[Result "1/2-1/2"]
[WhiteElo "2365"]
[BlackElo "2515"]
[PlyCount "30"]
[EventDate "1975.??.??"]
[EventType "tourn"]
[EventRounds "17"]
[EventCountry "HUN"]
[EventCategory "7"]
[Source "ChessBase"]
[SourceDate "1999.07.01"]
[WhiteTeamCountry "BEL"]
[BlackTeamCountry "HUN"]

1. e4 g6 2. d4 Bg7 3. Nc3 d6 4. Be3 c6 5. h3 Nf6 6. g3 d5 7. e5 Ne4 8. Nxe4
dxe4 9. Bg2 Qb6 10. Ne2 Qxb2 11. Bxe4 O-O 12. Qc1 Qb4+ 13. c3 Qc4 14. Qc2 c5
15. Rc1 Nc6 1/2-1/2

[Event "HUN-ch"]
[Site "Hungary"]
[Date "1975.??.??"]
[Round "?"]
[White "Lengyel, Bela"]
[Black "Adorjan, Andras"]
[Result "0-1"]
[WhiteElo "2200"]
[BlackElo "2515"]
[PlyCount "74"]
[EventDate "1975.??.??"]
[EventType "tourn"]
[EventRounds "17"]
[EventCountry "HUN"]
[EventCategory "7"]
[Source "ChessBase"]
[SourceDate "1999.07.01"]
[WhiteTeamCountry "BEL"]
[BlackTeamCountry "HUN"]

1. e4 g6 2. d4 Bg7 3. Nc3 d6 4. Nf3 Nf6 5. Be2 O-O 6. O-O Nc6 7. Bg5 h6 8. Bh4
g5 9. Bg3 Nh5 10. d5 Nb4 11. Re1 f5 12. a3 Nxc2 13. Qxc2 f4 14. Bh4 gxh4 15.
Nxh4 f3 16. Bxf3 e6 17. g3 Nf4 18. e5 c6 19. dxc6 d5 20. Nb5 bxc6 21. Nd6 Bd7
22. Rad1 Rb8 23. Rd4 Qg5 24. Kh1 c5 25. Rxf4 Rxf4 26. gxf4 Qxh4 27. Rg1 Qxf4
28. Rg3 Qxe5 29. Qg6 Rf8 30. Bd1 Rxf2 31. Bf3 Qxb2 32. Kg1 Rd2 33. Qf7+ Kh8 34.
Bg2 Qf6 35. Qxf6 Bxf6 36. Bf1 c4 37. Bh3 c3 0-1

[Event "HUN-ch"]
[Site "Hungary"]
[Date "1975.??.??"]
[Round "?"]
[White "Pinter, Jozsef"]
[Black "Adorjan, Andras"]
[Result "0-1"]
[WhiteElo "2410"]
[BlackElo "2515"]
[PlyCount "41"]
[EventDate "1975.??.??"]
[EventType "tourn"]
[EventRounds "17"]
[EventCountry "HUN"]
[EventCategory "7"]
[Source "ChessBase"]
[SourceDate "1999.07.01"]
[WhiteTeamCountry "BEL"]
[BlackTeamCountry "HUN"]

1. e4 g6 2. d4 Bg7 3. Nc3 d6 4. f4 Nf6 5. Nf3 O-O 6. Bd3 Nc6 7. e5 dxe5 8. dxe5
Nd5 9. Bd2 Nb6 10. Qe2 Nb4 11. Be4 f5 12. exf6 exf6 13. a3 f5 14. axb4 fxe4 15.
Ne5 Bxe5 16. fxe5 Qh4+ 17. g3 Qh3 18. Nxe4 Bg4 19. Ng5 Qh5 20. Qe3 h6 21. e6
0-1

[Event "London"]
[Site "London"]
[Date "1975.08.17"]
[Round "1"]
[White "Adorjan, Andras"]
[Black "Webb, Simon"]
[Result "1-0"]
[WhiteElo "2515"]
[BlackElo "2385"]
[PlyCount "82"]
[EventDate "1975.08.??"]
[EventType "tourn"]
[EventRounds "11"]
[EventCountry "ENG"]
[EventCategory "8"]
[Source "ChessBase"]
[SourceDate "1998.11.10"]
[WhiteTeamCountry "BEL"]
[BlackTeamCountry "HUN"]

1. e4 e6 2. d4 d5 3. Nd2 c5 4. Ngf3 Nc6 5. Bb5 cxd4 6. Nxd4 Bd7 7. Nxc6 bxc6 8.
Bd3 Qc7 9. Qe2 Bd6 10. Nf3 dxe4 11. Qxe4 Nf6 12. Qh4 Qa5+ 13. Bd2 Qh5 14. Qxh5
Nxh5 15. O-O-O Nf4 16. Bf1 Ke7 17. g3 Nd5 18. Bg2 f6 19. Rhe1 Rab8 20. a3 c5
21. Ng5 Be5 22. c3 Ba4 23. Rxe5 Bxd1 24. Rxe6+ Kd7 25. Bxd5 Bb3 26. Bc6+ Kc8
27. Re7 fxg5 28. Bxg5 Rf8 29. Bd7+ Kc7 30. Rxg7 Rxf2 31. Bf4+ Rxf4 32. gxf4 Kd6
33. Bg4 Rf8 34. Bd1 c4 35. Bxb3 cxb3 36. Rxa7 Rxf4 37. Rxh7 Rf1+ 38. Kd2 Rf2+
39. Kd3 Rxb2 40. Kc4 Rb1 41. h4 Kc6 1-0

[Event "London"]
[Site "London"]
[Date "1975.08.20"]
[Round "4"]
[White "Adorjan, Andras"]
[Black "Horner, Jeff"]
[Result "1-0"]
[WhiteElo "2515"]
[BlackElo "2450"]
[PlyCount "35"]
[EventDate "1975.08.??"]
[EventType "tourn"]
[EventRounds "11"]
[EventCountry "ENG"]
[EventCategory "8"]
[Source "ChessBase"]
[SourceDate "1998.11.10"]
[WhiteTeamCountry "BEL"]
[BlackTeamCountry "HUN"]

1. e4 e5 2. Nf3 Nc6 3. Bb5 a6 4. Bxc6 dxc6 5. O-O Bg4 6. h3 h5 7. d3 Qf6 8.
Nbd2 Ne7 9. Re1 Ng6 10. d4 Nf4 11. hxg4 hxg4 12. g3 Bb4 13. gxf4 Qh6 14. Kf1
Qxf4 15. Nxe5 Rh1+ 16. Ke2 Rh2 17. Nd3 Qh6 18. Nf1 1-0

[Event "London"]
[Site "London"]
[Date "1975.08.21"]
[Round "5"]
[White "Pritchett, Craig William"]
[Black "Adorjan, Andras"]
[Result "0-1"]
[WhiteElo "2390"]
[BlackElo "2515"]
[PlyCount "73"]
[EventDate "1975.08.??"]
[EventType "tourn"]
[EventRounds "11"]
[EventCountry "ENG"]
[EventCategory "8"]
[Source "ChessBase"]
[SourceDate "2000.11.22"]
[WhiteTeamCountry "BEL"]
[BlackTeamCountry "HUN"]

1. e4 c5 2. Nf3 Nc6 3. d4 cxd4 4. Nxd4 g6 5. Nc3 Bg7 6. Be3 Nf6 7. Bc4 O-O 8.
Bb3 d6 9. h3 Na5 10. O-O a6 11. Re1 b5 12. Nd5 Bb7 13. Bg5 Rc8 14. Bxf6 exf6
15. c3 Re8 16. a4 f5 17. axb5 fxe4 18. bxa6 Bxa6 19. Ba4 Re5 20. Ne3 Qb6 21. b4
Nc4 22. Nxc4 Rxc4 23. b5 Bb7 24. Nc6 e3 25. fxe3 Rxe3 26. Kh1 Bxc3 27. Rxe3
Qxe3 28. Ra3 Qg3 29. Qf3 Qe1+ 30. Kh2 Be5+ 31. Nxe5 Bxf3 32. Nxc4 Bd5 33. Re3
Qb4 34. Re8+ Kg7 35. Nb6 Qf4+ 36. Kg1 Qd4+ 37. Kh2 0-1

[Event "London"]
[Site "London"]
[Date "1975.08.22"]
[Round "6"]
[White "Adorjan, Andras"]
[Black "Fuller, Maxwell L"]
[Result "1-0"]
[WhiteElo "2515"]
[BlackElo "2400"]
[PlyCount "63"]
[EventDate "1975.08.??"]
[EventType "tourn"]
[EventRounds "11"]
[EventCountry "ENG"]
[EventCategory "8"]
[Source "ChessBase"]
[SourceDate "1998.11.10"]
[WhiteTeamCountry "BEL"]
[BlackTeamCountry "HUN"]

1. e4 c5 2. Nf3 d6 3. d4 cxd4 4. Nxd4 Nf6 5. Nc3 g6 6. Be3 Bg7 7. f3 a6 8. Qd2
b5 9. Nd5 Nxd5 10. exd5 Bb7 11. a4 bxa4 12. Rxa4 O-O 13. h4 Qd7 14. Ra5 e5 15.
dxe6 fxe6 16. h5 e5 17. Nb3 Qe6 18. hxg6 Nc6 19. Qxd6 Qxd6 20. Bc4+ Rf7 21.
Bxf7+ Kf8 22. Bc5 hxg6 23. Bc4 Qxc5 24. Rxc5 a5 25. Bd5 a4 26. Nd2 a3 27. bxa3
Rxa3 28. Rh4 Ra1+ 29. Kf2 e4 30. Rf4+ Ke8 31. Bxc6+ Bxc6 32. Rxc6 1-0

[Event "London"]
[Site "London"]
[Date "1975.08.24"]
[Round "7"]
[White "Nunn, John"]
[Black "Adorjan, Andras"]
[Result "0-1"]
[WhiteElo "2375"]
[BlackElo "2515"]
[PlyCount "60"]
[EventDate "1975.08.??"]
[EventType "tourn"]
[EventRounds "11"]
[EventCountry "ENG"]
[EventCategory "8"]
[Source "ChessBase"]
[SourceDate "1998.11.10"]
[WhiteTeamCountry "BEL"]
[BlackTeamCountry "HUN"]

1. e4 g6 2. d4 Bg7 3. Nc3 d6 4. f4 Nf6 5. Nf3 O-O 6. Be3 Na6 7. h3 c5 8. e5 Nh5
9. Bxa6 bxa6 10. g4 cxd4 11. Qxd4 Bb7 12. Kf2 Nxf4 13. Bxf4 g5 14. Nxg5 f6 15.
Ne6 fxe5 16. Qc4 Qb6+ 17. Ke2 Rac8 18. Qd3 exf4 19. Nxf8 Rxf8 20. Nd5 Qxb2 21.
Nxe7+ Kh8 22. Rhe1 f3+ 23. Kf1 f2 24. Reb1 Qe5 25. Nf5 Be4 26. Qxd6 Qc3 27. Qg3
Qc4+ 28. Kxf2 Bd4+ 29. Ke1 Bxf5 30. gxf5 Re8+ 0-1

[Event "London"]
[Site "London"]
[Date "1975.08.27"]
[Round "10"]
[White "Adorjan, Andras"]
[Black "Sax, Gyula"]
[Result "1/2-1/2"]
[WhiteElo "2515"]
[BlackElo "2510"]
[PlyCount "62"]
[EventDate "1975.08.??"]
[EventType "tourn"]
[EventRounds "11"]
[EventCountry "ENG"]
[EventCategory "8"]
[Source "ChessBase"]
[SourceDate "2000.11.22"]
[WhiteTeamCountry "BEL"]
[BlackTeamCountry "HUN"]

1. d4 Nf6 2. c4 e6 3. Nf3 b6 4. g3 Bb7 5. Bg2 Be7 6. O-O O-O 7. Nc3 Ne4 8. Nxe4
Bxe4 9. Ne1 Bxg2 10. Nxg2 d5 11. Qc2 dxc4 12. Qxc4 c5 13. Be3 cxd4 14. Qxd4
Qxd4 15. Bxd4 Nc6 16. Bc3 Rfd8 17. Rfd1 Bb4 18. Bxb4 Nxb4 19. a3 Nc6 20. Ne3
Kf8 21. Kf1 Ke7 22. Ke1 Rac8 23. Rac1 Rd7 24. Rxd7+ Kxd7 25. Rd1+ Ke7 26. Rc1
Kd7 27. Rd1+ Ke7 28. Rc1 Kd7 29. Rd1+ Kc7 30. Rc1 Kb7 31. Rd1 Rd8 1/2-1/2

[Event "London"]
[Site "London"]
[Date "1975.08.28"]
[Round "11"]
[White "Basman, Michael"]
[Black "Adorjan, Andras"]
[Result "0-1"]
[WhiteElo "2395"]
[BlackElo "2515"]
[PlyCount "72"]
[EventDate "1975.08.??"]
[EventType "tourn"]
[EventRounds "11"]
[EventCountry "ENG"]
[EventCategory "8"]
[Source "ChessBase"]
[SourceDate "1998.11.10"]
[WhiteTeamCountry "BEL"]
[BlackTeamCountry "HUN"]

1. e4 g6 2. Nc3 Bg7 3. f4 c5 4. Nf3 Nc6 5. Bb5 Nd4 6. Bd3 d6 7. Nxd4 cxd4 8.
Ne2 Nf6 9. O-O O-O 10. c3 e5 11. cxd4 exd4 12. b3 Re8 13. Ng3 h5 14. f5 h4 15.
Ne2 Nxe4 16. Bxe4 Rxe4 17. d3 Re5 18. fxg6 Bg4 19. gxf7+ Kh7 20. Rf4 Bxe2 21.
Qe1 Bh5 22. Qxh4 Qxh4 23. Rxh4 Bf6 24. Rf4 Kg7 25. Ba3 Re6 26. Raf1 Rf8 27. Bb2
Rxf7 28. g4 Be5 29. Bxd4 Rxf4 30. Rxf4 Bg6 31. Bxe5+ dxe5 32. Ra4 a6 33. Rb4 b5
34. d4 e4 35. Kf2 e3+ 36. Ke1 Bd3 0-1

[Event "EU-Cup Gr2"]
[Site "Montana Crans"]
[Date "1976.01.12"]
[Round "1.5"]
[White "Adorjan, Andras"]
[Black "Pavlov, Mircea"]
[Result "1-0"]
[WhiteElo "2510"]
[BlackElo "2360"]
[PlyCount "61"]
[EventDate "1976.01.??"]
[EventType "team"]
[EventRounds "5"]
[EventCountry "SUI"]
[Source "ChessBase"]
[SourceDate "2002.11.25"]
[WhiteTeamCountry "BEL"]
[BlackTeamCountry "HUN"]

1. e4 c5 2. Nf3 d6 3. d4 Nf6 4. Nc3 cxd4 5. Nxd4 g6 6. Be3 Bg7 7. f3 Nc6 8. Qd2
O-O 9. Bc4 Bd7 10. h4 Rc8 11. Bb3 Ne5 12. O-O-O Nc4 13. Bxc4 Rxc4 14. g4 b5 15.
h5 b4 16. Nd5 Nxd5 17. exd5 Qa5 18. Kb1 Rfc8 19. hxg6 fxg6 20. Qh2 Qxd5 21.
Qxh7+ Kf7 22. Bh6 Rg8 23. Nf5 Qe5 24. Bxg7 Rxg7 25. Nxg7 Qxg7 26. Rde1 e6 27.
Re4 Bb5 28. g5 e5 29. Rxc4 Bxc4 30. Qh4 Bd5 31. Rd1 1-0

[Event "EU-Cup Gr2"]
[Site "Montana Crans"]
[Date "1976.01.13"]
[Round "2.5"]
[White "Iskov, Gert"]
[Black "Adorjan, Andras"]
[Result "0-1"]
[WhiteElo "2415"]
[BlackElo "2510"]
[PlyCount "80"]
[EventDate "1976.01.??"]
[EventType "team"]
[EventRounds "5"]
[EventCountry "SUI"]
[Source "ChessBase"]
[SourceDate "2002.11.25"]
[WhiteTeamCountry "BEL"]
[BlackTeamCountry "HUN"]

1. e4 d6 2. d4 Nf6 3. Nc3 g6 4. Nf3 Bg7 5. Be2 O-O 6. O-O Nc6 7. Bg5 h6 8. Be3
Ng4 9. Bf4 e5 10. dxe5 Ngxe5 11. Qd2 Kh7 12. Rad1 Be6 13. Nd5 Nxf3+ 14. Bxf3
Nd4 15. Qd3 c6 16. Nc3 f5 17. Bc1 Be5 18. Ne2 Nxf3+ 19. Qxf3 Qh4 20. g3 Qxe4
21. Qxe4 fxe4 22. Bf4 Bxb2 23. Rb1 Bg7 24. Rxb7 Rf7 25. Rfb1 Bxa2 26. Rxf7 Bxf7
27. Rb7 Bc4 28. Nc3 Kg8 29. Nxe4 d5 30. Nd6 a5 31. Nf7 a4 32. Bxh6 Bb2 33. Be3
a3 34. Nh6+ Kh8 35. Nf7+ Kg7 36. Nh6+ Kf6 37. Rxb2 axb2 38. Bd4+ Kg5 39. Nf7+
Kf5 40. Bxb2 Rb8 0-1

[Event "EU-Cup Gr2"]
[Site "Montana Crans"]
[Date "1976.01.15"]
[Round "4.5"]
[White "Kupper, Josef"]
[Black "Adorjan, Andras"]
[Result "1/2-1/2"]
[WhiteElo "2380"]
[BlackElo "2510"]
[PlyCount "27"]
[EventDate "1976.01.??"]
[EventType "team"]
[EventRounds "5"]
[EventCountry "SUI"]
[Source "ChessBase"]
[SourceDate "2002.11.25"]
[WhiteTeamCountry "BEL"]
[BlackTeamCountry "HUN"]

1. e4 d6 2. d4 Nf6 3. Nc3 g6 4. Nf3 Bg7 5. Bc4 O-O 6. O-O Nxe4 7. Nxe4 d5 8.
Bd3 dxe4 9. Bxe4 c5 10. c3 Nd7 11. Bg5 h6 12. Bh4 Nf6 13. Bxf6 exf6 14. Qb3
1/2-1/2

[Event "Skopje"]
[Site "Skopje"]
[Date "1976.??.??"]
[Round "7"]
[White "Ivanovic, Bozidar"]
[Black "Adorjan, Andras"]
[Result "1/2-1/2"]
[WhiteElo "2385"]
[BlackElo "2510"]
[PlyCount "90"]
[EventDate "1976.03.??"]
[EventType "tourn"]
[EventRounds "15"]
[EventCountry "YUG"]
[EventCategory "10"]
[Source "ChessBase"]
[SourceDate "1999.07.01"]
[WhiteTeamCountry "BEL"]
[BlackTeamCountry "HUN"]

1. e4 d6 2. d4 Nf6 3. Nc3 g6 4. f4 Bg7 5. Nf3 O-O 6. Bd3 Nc6 7. e5 dxe5 8. dxe5
Nd5 9. Bd2 Nb6 10. O-O Nb4 11. Be2 Bf5 12. Rc1 f6 13. Nb5 Nc6 14. Bc3 fxe5 15.
Nxe5 Nxe5 16. Bxe5 Bxe5 17. fxe5 c6 18. Nd4 Qd5 19. Nxf5 Rxf5 20. Rxf5 gxf5 21.
Qxd5+ Nxd5 22. Rf1 e6 23. c4 Nb6 24. Rd1 Kf7 25. Rd3 Ke7 26. Rh3 Rh8 27. Rg3
Rd8 28. Rg7+ Kf8 29. Rxb7 Rd2 30. Kf1 Rxb2 31. Rxa7 Rc2 32. a4 Nxc4 33. Bxc4
Rxc4 34. a5 Ra4 35. a6 Ra5 36. Kf2 h6 37. Kf3 Ke8 38. Ra8+ Kf7 39. a7 Kg7 40.
h3 c5 41. h4 c4 42. Re8 Rxa7 43. Rxe6 Rc7 44. Ke2 c3 45. Kd1 Rd7+ 1/2-1/2